LEADER 01306nam a2200301 a 4500 001 000000121598 003 CaOOAMICUS 005 20100507093729.0 008 100507t2010 it u000 u ita r 020 $z978-88-7367-1145* 040 $aPUL$bita$dReb 082 04$a264 100 1 $aTomatis, Paolo.$0(OLS)http://pul/name/76175 245 11$a"Accende lumen sensibus":$bla liturgia e i sensi del corpo /$cPaolo Tomatis. 260 $aRoma :$bEdizioni Liturgiche,$c©2010. 300 $a585 p. ;$c24 cm 490 1 $aBibliotheca "Ephemerides liturgicae".$aSubsidia ;$v153 504 $aBibliografia: p. [549]-577. 650 4$aLiturgia.$0(OLS)http://pul/subject/2437 650 4$aSpirito.$0(OLS)http://pul/subject/7726 830 0$aBibliotheca "Ephemerides liturgicae".$pSubsidia ;$v153.$0(OLS)http://pul/title/81 850 $aPUL 852 $aPUL$W1$xSL Religione 3$y85$m264 TOMPA 1$j139551$qDDC 21$B138765$CPULBib$Z2$F138765 $H113271 $82 941 1 $a9 996 $6020$z978-88-7367-1145*$9(OLS)http://pul/number/144086 996 $6082$a264$9(OLS)http://pul/classification/492 996 $6245$a"Accende lumen sensibus":$bla liturgia e i sensi del corpo$9(OLS)http://pul/title/152995 996 $6260$aRoma :$bEdizioni Liturgiche$9(OLS)http://pul/publisher/48268 LEADER 01258nam a2200241 a 4500 001 000000139376 003 CaOOAMICUS 005 20140722145021.0 008 140722s1961 it u000 u ita r 040 $aPUL$bita 100 1 $aRivetti Barbò, Francesca.$0(OLS)http://pul/name/38056 245 12$aL'antinomia del mentitore nel pensiero contemporaneo :$bda Peirce a Tarski: studi, testi, bibliografia /$cFrancesca Rivetti Barbò. 260 $aMilano :$bVita e pensiero,$c1961. 300 $aXLIII, 764 p. ;$c25 cm 490 1 $aPubblicazioni della Università cattolica del Sacro Cuore.$aSerie 3, Scienze filosofiche ;$v05 650 4$aFilosofia contemporanea.$0(OLS)http://pul/subject/8502 830 0$aPubblicazioni della Università cattolica del Sacro Cuore.$nSerie 3,$pScienze filosofiche ;$v05.$0(OLS)http://pul/title/19612 850 $aPUL 852 $aPUL$W1$xDP2 Diritto Canonico 1$y64$m167 D 16.3.5$j160997$qStampati$B160445$CPULBib$Z2$F160445 $H21293 $82 941 1 $a8 996 $6245$aL'antinomia del mentitore nel pensiero contemporaneo :$bda Peirce a Tarski: studi, testi, bibliografia$9(OLS)http://pul/title/176447 996 $6260$aMilano :$bVita e pensiero$9(OLS)http://pul/publisher/48016